| 000 | 00346nam a22001337a 4500 | ||
|---|---|---|---|
| 020 | _a9284330025 | ||
| 082 | _a331.252SOC | ||
| 245 | _aSOCIAL SECURITY AND TAXATION | ||
| 260 |
_aGENEVA _bINTERNATIONAL SOCIAL SECURITY ASSOCIATION _c1978 |
||
| 300 |
_a-130-P _bILL,:25CM |
||
| 490 | _aNO.13 | ||
| 650 | _aSOCIAL SECURITY AND TAXATION | ||
| 942 | _cBK | ||
| 999 |
_c14971 _d14971 |
||